| 000 | 00917nam0a22002651 4500 | ||
|---|---|---|---|
| 001 | rc\4914374 | ||
| 005 | 20130426154530.0 | ||
| 021 |
_aRU _b[59-53036] |
||
| 035 | _a(NLR Aleph) 008838540 | ||
| 090 |
_a8327957 _c8327957 |
||
| 100 | _a20130426d1959 |||y0rusy50 ca | ||
| 101 | 1 |
_arus _ctuk |
|
| 102 | _aRU | ||
| 105 | _aa z |||a| | ||
| 200 | 1 |
_aСад в пустыне _e[Стихи _eДля мл. и сред. школьного возраста _fПер. с туркм. Ю. Гордиенко _gИл.: В.Н. Рыжов] |
|
| 210 |
_aАшхабад _cТуркменгосиздат _d1959 |
||
| 215 |
_a55 с. _cил. _d22 |
||
| 700 | 1 |
_aХаидов _bА. _f1929- _gАллаберды |
|
| 702 | 1 |
_aРыжов _bВ. Н. _4440 |
|
| 702 | 1 |
_aГордиенко _bЮ. П. _gЮрий Петрович _4730 |
|
| 801 | 0 |
_aRU _bNLR _gpsbo |
|
| 801 | 1 |
_aRU _bELAR _2rusmarc |
|
| 852 |
_aNLR _j59-6/7720 |
||
| 942 | _cBOOK | ||
| 980 | _aNB | ||